Statistiche per Quiz sul Lesotho

Clicka qui per fare il quiz!

Statistiche generali

  • Questo quiz è stato fatto 258 volte
  • Il punteggio medio è 10 su 16

Statistiche sulle risposte

HintRisposta% Corretto
Paese che circonda completamente il LesothoSudafrica
98%
Lingue ufficialiInglese
95%
Nomina uno degli altri due paesi africani che sono monarchieMarocco / Eswatini
90%
Il 25% degli adulti in Lesotho è positivo al virus, il secondo più alto di qualsiasi paeseAIDS / HIV
89%
CapitaleMaseru
79%
Oggetto raffigurato sulla bandiera{Cappello} di paglia
63%
Mammifero in via di estinzione che è l'animale nazionale del Lesotho{Rinoceronte} Nero
61%
Lungo fiume che attraversa il LesothoFiume {Orange}
54%
Il Lesotho ha la quinta più alta _____ media di qualsiasi paese, dietro a Nepal, Bhutan, Tagikistan e KirghizistanAltitudine
52%
Il Lesotho ha ispirato questo paese immaginario dell'universo cinematografico MarvelWakanda
52%
Il Lesotho ospita una delle due località dell'Africa meridionale dove è possibile fare questa attivitàSciare
50%
Indica una delle due valute utilizzate in LesothoLoti | Rand
49%
Nome coloniale del Lesotho{Basuto}land
45%
Sesotho
39%
La parte orientale del Lesotho è coperta da questa catena montuosa{Drakens}berg
38%
Altro nome del popolo San, gli abitanti originari del LesothoBoscimani
32%

Distribuzione punteggi

Percentile per numero di risposta

Percentuale di utenti per punteggio

I tuoi punteggi nel tempo

Non hai fatto questo quiz